| 000 | 007650000a22002290004500 | ||
|---|---|---|---|
| 003 | LK-CoMWRAF | ||
| 005 | 20231102120530.0 | ||
| 008 | 230817t1994 ||||| |||| 00| 0 eng d | ||
| 020 | _a8170131294 | ||
| 040 |
_aLK-CoMWRAF _dLK-CoMWRAF _eLK-CoMWRAF |
||
| 041 | _aeng | ||
| 082 |
_a324.95493 _bWAR |
||
| 100 | _aWarnapala, Wiswa W.A. | ||
| 245 |
_aEthnic Strife and Politics in Sri Lanka: _ban investigation into demands and responses |
||
| 260 |
_aNew Delhi: _bNavrang, _c1994 |
||
| 300 |
_aiv, 252 p. ; 25 cm. _bIndex included |
||
| 650 | _aTAMIL(INDIC PEOPLE)-Sri Lanka-Politics and government | ||
| 650 | _aEthnic relations--Political aspects-Sri Lanka | ||
| 650 | _aPolitics and government-Sri Lanka | ||
| 650 | _aHistory-Civil War-Sri Lanka | ||
| 942 | _cBK | ||
| 999 |
_c24 _d24 |
||